Nintendo Punch-Out!! Opponents - Statistics

General Stats
  • This quiz has been taken 2,849 times
    2,847 since last reset
  • The average score is 7 of 11
Answer Stats
Home Town Opponent % Correct
Catskill, NY Mike Tyson / Mr. Dream
90%
Hippo Island King Hippo
84%
Paris Glass Joe
82%
Istanbul Bald Bull
72%
Tokyo Piston Honda
67%
Moscow Soda Popinski
66%
Bombay Great Tiger
61%
Philadelphia Mr. Sandman
60%
Madrid Don Flamenco
59%
Hollywood Super Macho Man
54%
Berlin Von Kaiser
54%
No matching quizzes found
Score Distribution
Percent of People with Each Score
Percentile by Number Answered
Your Score History
You have not taken this quiz since the last reset